| 000 | 01023nam a2200289 a 4500 | ||
|---|---|---|---|
| 005 | 20200104041523.0 | ||
| 008 | 140120b1997 ck ||||| |||| 00| 0 spa d | ||
| 041 | _aspa | ||
| 044 | _ack | ||
| 090 |
_aIAvH _b00069 |
||
| 245 | 0 | 0 | _aTaller de capacitación inventario y monitoreo de la biodiversidad en áreas protegidas del sistema de parques nacionales |
| 260 |
_aVilla de Leyva (Boyacá): _bInstituto Alexander von Humboldt, _c1997. |
||
| 300 | _a100 p. | ||
| 500 | _aInstituto de Investigación de Recursos Biológicos "Alexander von Humboldt". Grupo de Exploración y Monitoreo Ambiental | ||
| 650 | 4 |
_aInventarios _992201 |
|
| 650 | 4 |
_aMonitoreo biológico _93265 |
|
| 650 | 6 |
_aAreas protegidas _978 |
|
| 650 | 4 |
_aSistema de Parques Nacionales _93858 |
|
| 650 | 6 |
_aCartografía _928121 |
|
| 650 | 4 |
_aFotointerpretación _928122 |
|
| 650 | 6 |
_aVegetación _928123 |
|
| 650 | 4 |
_aMétodos de campo _93855 |
|
| 650 | 6 |
_aAves _928124 |
|
| 650 | 6 |
_aArtrópodos _92658 |
|
| 662 | _aColombia | ||
| 942 |
_cINFORME _2z _01 |
||
| 999 |
_c1703 _d1703 |
||